[Event "Titled Tuesday intern op 14th May Late"]
[Site "Chess.com INT"]
[Date "2024.05.14"]
[Round "1"]
[White "Moskvin, Anatoly"]
[Black "Castellanos Hernandez, Lhia Itzayana"]
[Result "1-0"]
[WhiteElo "2192"]
[BlackElo "1899"]
[PlyCount "131"]
[EventDate "2024.05.14"]
[EventType "swiss (blitz)"]
[EventRounds "11"]
[EventCountry "USA"]
[SourceTitle "CB21_2024"]
[SourceDate "2024.05.22"]
[SourceVersion "1"]
[SourceVersionDate "2024.05.22"]
[SourceQuality "1"]

1. e4 c5 2. Nf3 Nc6 3. Bb5 e6 4. 0-0 Nge7 5. Re1 a6 6. Bf1 d5 7. exd5 Nxd5 8. d4 cxd4 9. Nxd4 Nxd4 10. Qxd4 Nf6 11. Qf4 Bd6 12. Qh4 0-0 13. Nc3 b5 14. Bd3 g6 15. Bg5 Be7 16. a4 b4 17. Bxf6 Bxf6 18. Qxb4 Qc7 19. Ne4 Bg7 20. Rab1 Rb8 21. Qa3 Bb7 22. Nc5 Rfd8 23. Nxb7 Qxb7 24. b4 Bf8 25. Re4 a5 26. Qa2 axb4 27. h4 Qd5 28. Qb2 b3 29. Re3 bxc2 30. Qxc2 Rxb1+ 31. Qxb1 Qd4 32. h5 Qxa4 33. hxg6 hxg6 34. Rf3 Bg7 35. g3 Qa1 36. Qxa1 Bxa1 37. Kf1 Kg7 38. Ke2 Bf6 39. Rf4 Be5 40. Ra4 Rd7 41. Bb5 Rc7 42. Bd3 Bf6 43. Ra5 Bd8 44. Ra8 Bf6 45. Rb8 Ra7 46. Ke3 Be7 47. Kd4 Bf6+ 48. Ke3 Be7 49. Rc8 Bf6 50. Be4 Bg5+ 51. Ke2 Ra2+ 52. Kf3 Bf6 53. Bc2 Bd4 54. Ke2 f5 55. f3 e5 56. g4 fxg4 57. fxg4 Ra3 58. Rc6 Re3+ 59. Kd2 Rg3 60. Rxg6+ Kf7 61. Rg5 Ke6 62. Rg6+ Kd5 63. Bf5 Rg2+ 64. Kd3 e4+ 65. Bxe4+ Ke5 66. Bxg2 1-0

[Event "Titled Tuesday intern op 08th Aug Early"]
[Site "Chess.com INT"]
[Date "2023.08.08"]
[Round "7"]
[White "Moskvin, Anatoly"]
[Black "Tanenbaum, Zachary Chen"]
[Result "1-0"]
[WhiteElo "2192"]
[BlackElo "2279"]
[PlyCount "113"]
[EventDate "2023.08.08"]
[EventType "swiss (blitz)"]
[EventRounds "11"]
[EventCountry "USA"]
[SourceTitle "EXT 2024"]
[Source "ChessBase"]
[SourceDate "2023.10.10"]
[SourceVersion "1"]
[SourceVersionDate "2023.10.10"]
[SourceQuality "1"]

1. e4 e5 2. Nf3 Nc6 3. Bc4 Nf6 4. d3 Be7 5. c3 0-0 6. Nbd2 d5 7. Bb3 Bc5 8. h3 h6 9. Bc2 Be6 10. Qe2 Qe7 11. a4 a5 12. Nf1 dxe4 13. dxe4 Nh5 14. Nxe5 Nxe5 15. Qxh5 Bc4 16. Be3 Bxf1 17. Bxc5 Qxc5 18. Kxf1 Rfd8 19. Rd1 Rxd1+ 20. Qxd1 Ra6 21. Qd8+ Kh7 22. Qd4 Qxd4 23. cxd4 Rc6 24. Bd1 Nd3 25. Ke2 Nxb2 26. Bb3 f6 27. Rb1 Nc4 28. Kd3 Nd6 29. Bd5 Rb6 30. Rxb6 cxb6 31. e5 fxe5 32. dxe5 Nf5 33. Be4 g6 34. Bxf5 gxf5 35. Kc4 Kg7 36. f4 Kf7 37. Kb5 Ke6 38. Kxb6 Kd5 39. Kxb7 Kc5 40. Kc7 Kd5 41. Kb6 h5 42. Kxa5 h4 43. Kb4 Ke4 44. e6 Kxf4 45. e7 Kg3 46. e8Q f4 47. Qe2 Kh2 48. Qf3 Kg1 49. Qxf4 Kh1 50. Qxh4 Kh2 51. g4 Kg2 52. g5 Kf3 53. g6 Kg2 54. g7 Kh2 55. g8Q Kh1 56. Qe4+ Kh2 57. Qgg2# 1-0

[Event "Titled Tuesday intern op 18th Jul Early"]
[Site "Chess.com INT"]
[Date "2023.07.18"]
[Round "8"]
[White "Itgelt, Khuyagtsogt"]
[Black "Moskvin, Anatoly"]
[Result "0-1"]
[WhiteElo "2321"]
[BlackElo "2189"]
[PlyCount "98"]
[EventDate "2023.07.18"]
[EventType "swiss (blitz)"]
[EventRounds "11"]
[EventCountry "USA"]
[SourceTitle "EXT 2024"]
[Source "ChessBase"]
[SourceDate "2023.10.10"]
[SourceVersion "1"]
[SourceVersionDate "2023.10.10"]
[SourceQuality "1"]

1. d4 Nf6 2. c4 c5 3. d5 b5 4. Nf3 g6 5. cxb5 a6 6. b6 Bg7 7. Nc3 d6 8. a4 a5 9. e4 0-0 10. Be2 Nbd7 11. Nd2 Nxb6 12. 0-0 e6 13. Nc4 exd5 14. exd5 Re8 15. Bg5 h6 16. Bh4 Nxc4 17. Bxc4 Qb6 18. Bb5 Re7 19. Qd2 g5 20. Bg3 Nh5 21. Rfe1 Raa7 22. Rxe7 Rxe7 23. Re1 Qd8 24. b3 Bf5 25. h3 Nxg3 26. fxg3 Bd4+ 27. Kh1 Be5 28. g4 Bg6 29. Ne2 f5 30. gxf5 Bxf5 31. Rf1 Qc8 32. Bd3 Bxh3 33. Ng1 Bg4 34. Qf2 Qe8 35. Be2 Bxe2 36. Qxe2 Bf4 37. Qg4 Kg7 38. Nh3 Be3 39. Qf3 Bd4 40. Qf5 Rf7 41. Qxf7+ Qxf7 42. Rxf7+ Kxf7 43. g4 Kf6 44. Kg2 Ke5 45. Kf3 Kxd5 46. Ke2 c4 47. bxc4+ Kxc4 48. Kf3 Kb4 49. Nf4 gxf4 0-1

[Event "Titled Tuesday intern op 18th Jul Early"]
[Site "Chess.com INT"]
[Date "2023.07.18"]
[Round "1"]
[White "Moskvin, Anatoly"]
[Black "Marin Masis, Jose Esteban"]
[Result "1-0"]
[WhiteElo "2189"]
[BlackElo "1938"]
[PlyCount "53"]
[EventDate "2023.07.18"]
[EventType "swiss (blitz)"]
[EventRounds "11"]
[EventCountry "USA"]
[SourceTitle "EXT 2024"]
[Source "ChessBase"]
[SourceDate "2023.10.10"]
[SourceVersion "1"]
[SourceVersionDate "2023.10.10"]
[SourceQuality "1"]

1. e4 c5 2. Nf3 Nc6 3. g3 g6 4. Bg2 Bg7 5. 0-0 d6 6. Re1 Nf6 7. c3 e5 8. d4 cxd4 9. cxd4 0-0 10. d5 Nb8 11. h3 Nbd7 12. Nc3 Nc5 13. Nd2 a6 14. a4 Ne8 15. Nc4 f5 16. b4 Nxe4 17. Nxe4 fxe4 18. Be3 Nf6 19. Qd2 Bd7 20. Nxd6 Bxh3 21. Bxh3 Qxd6 22. Bc5 Qxd5 23. Qxd5+ Nxd5 24. Be6+ Kh8 25. Bxd5 Rfd8 26. Bxb7 Rab8 27. Bxa6 1-0

[Event "Titled Tuesday intern op 11th Jul Early"]
[Site "Chess.com INT"]
[Date "2023.07.11"]
[Round "8"]
[White "Mahdavi, Reza"]
[Black "Moskvin, Anatoly"]
[Result "1-0"]
[WhiteElo "2302"]
[BlackElo "2189"]
[PlyCount "41"]
[EventDate "2023.07.11"]
[EventType "swiss (blitz)"]
[EventRounds "11"]
[EventCountry "USA"]
[SourceTitle "EXT 2024"]
[Source "ChessBase"]
[SourceDate "2023.10.10"]
[SourceVersion "1"]
[SourceVersionDate "2023.10.10"]
[SourceQuality "1"]

1. e4 e5 2. f4 d5 3. exd5 exf4 4. Nf3 Bd6 5. Nc3 Ne7 6. d4 0-0 7. Bd3 Bf5 8. 0-0 c6 9. dxc6 Nbxc6 10. Bxf5 Nxf5 11. Ne4 Re8 12. Nxd6 Qxd6 13. c3 Ne3 14. Bxe3 fxe3 15. Qd3 Re7 16. Rae1 Rae8 17. Ng5 Qh6 18. Qf5 Nd8 19. Re2 Qh5 20. Ree1 h6 21. Qh7+ 1-0

[Event "Titled Tuesday intern op 11th Jul Early"]
[Site "Chess.com INT"]
[Date "2023.07.11"]
[Round "9"]
[White "Moskvin, Anatoly"]
[Black "Begmuratov, Alisher"]
[Result "0-1"]
[WhiteElo "2189"]
[BlackElo "2395"]
[PlyCount "72"]
[EventDate "2023.07.11"]
[EventType "swiss (blitz)"]
[EventRounds "11"]
[EventCountry "USA"]
[SourceTitle "EXT 2024"]
[Source "ChessBase"]
[SourceDate "2023.10.10"]
[SourceVersion "1"]
[SourceVersionDate "2023.10.10"]
[SourceQuality "1"]

1. e4 c6 2. c4 d5 3. exd5 cxd5 4. cxd5 Nf6 5. Nc3 Nxd5 6. Nf3 Nc6 7. Bb5 e6 8. 0-0 Be7 9. d4 0-0 10. Re1 Nxc3 11. bxc3 Bd7 12. Bd3 Rc8 13. Qe2 Bf6 14. h4 Na5 15. Bd2 Bc6 16. Ng5 g6 17. Rab1 a6 18. Qg4 h5 19. Qg3 b5 20. Nxe6 Qd7 21. Nf4 Nc4 22. Bc1 Bg7 23. a4 Rfe8 24. Rf1 Qg4 25. Qxg4 hxg4 26. axb5 axb5 27. Bxc4 bxc4 28. Ba3 Bh6 29. Bd6 Rcd8 30. Be5 Rxe5 31. dxe5 Bxf4 32. Rfe1 g3 33. Rb6 Rd2 34. fxg3 Bxg3 35. Ra1 Bf2+ 36. Kf1 Bxb6 0-1

[Event "Titled Tuesday intern op 11th Jul Early"]
[Site "Chess.com INT"]
[Date "2023.07.11"]
[Round "2"]
[White "Moskvin, Anatoly"]
[Black "Mikhaylova, Irina"]
[Result "1-0"]
[WhiteElo "2189"]
[BlackElo "2216"]
[PlyCount "133"]
[EventDate "2023.07.11"]
[EventType "swiss (blitz)"]
[EventRounds "11"]
[EventCountry "USA"]
[SourceTitle "EXT 2024"]
[Source "ChessBase"]
[SourceDate "2023.10.10"]
[SourceVersion "1"]
[SourceVersionDate "2023.10.10"]
[SourceQuality "1"]

1. e4 c5 2. Nc3 Nc6 3. g3 d6 4. Bg2 g6 5. Nge2 Bg7 6. d3 e6 7. Be3 Nd4 8. h4 h5 9. Qd2 Qa5 10. Nc1 Ne7 11. 0-0 Nec6 12. Nb3 Nxb3 13. axb3 Qc7 14. f4 Nd4 15. Kh1 0-0 16. Ra2 a5 17. Rfa1 Bd7 18. Ne2 Nxe2 19. Qxe2 Bc6 20. c3 b6 21. Qf2 f5 22. exf5 exf5 23. b4 a4 24. b5 Bxg2+ 25. Qxg2 Rae8 26. Bg1 Qd7 27. c4 Re7 28. Rxa4 Rfe8 29. Ra8 Kh7 30. Qc6 Qe6 31. Rxe8 Rxe8 32. Ra7 Qe2 33. Qb7 Rg8 34. Qd5 Re8 35. d4 cxd4 36. Qxd4 Rg8 37. Qd5 Kh6 38. b3 Qg4 39. Kg2 Qe2+ 40. Bf2 Re8 41. Qb7 Rg8 42. Qf3 Qe6 43. Qd3 Re8 44. Kh3 Re7 45. Rxe7 Qxe7 46. Bd4 Bxd4 47. Qxd4 Qc7 48. Qh8+ Qh7 49. Qxh7+ Kxh7 50. Kg2 Kg7 51. Kf3 Kf7 52. Ke3 Ke6 53. Kd4 Kd7 54. Kd5 Kc7 55. b4 Kd7 56. c5 dxc5 57. bxc5 bxc5 58. Kxc5 Kc7 59. Kd5 Kb7 60. Ke5 Kb6 61. Kf6 Kxb5 62. Kxg6 Kc4 63. Kxf5 Kd5 64. Kg5 Ke6 65. Kxh5 Kf7 66. g4 Kg8 67. f5 1-0

[Event "Titled Tuesday intern op 20th Jun Early"]
[Site "Chess.com INT"]
[Date "2023.06.20"]
[Round "4"]
[White "Arabidze, Meri"]
[Black "Moskvin, Anatoly"]
[Result "0-1"]
[WhiteElo "2446"]
[BlackElo "2189"]
[PlyCount "86"]
[EventDate "2023.06.20"]
[EventType "swiss (blitz)"]
[EventRounds "11"]
[EventCountry "USA"]
[SourceTitle "EXT 2024"]
[Source "ChessBase"]
[SourceDate "2023.10.10"]
[SourceVersion "1"]
[SourceVersionDate "2023.10.10"]
[SourceQuality "1"]

1. d4 Nf6 2. c4 c5 3. d5 b5 4. cxb5 a6 5. b6 g6 6. Nc3 d6 7. Nf3 Bg7 8. Nd2 Nbd7 9. e4 0-0 10. Be2 Nxb6 11. 0-0 a5 12. Bb5 Bd7 13. a4 Ne8 14. Qc2 Nc7 15. Bd3 e6 16. dxe6 Nxe6 17. Nc4 Nd4 18. Qd1 Be6 19. Nxb6 Qxb6 20. Nb5 Rfe8 21. Ra3 d5 22. exd5 Bxd5 23. Bf4 Ne6 24. Bg3 Bxb2 25. Rb3 Bxb3 26. Qxb3 Bg7 27. Bc4 Re7 28. h4 h5 29. Bd6 Nd4 30. Qa2 Rd7 31. Bg3 Rf8 32. Rb1 Qf6 33. Nc3 Nf5 34. Nd5 Qd4 35. Kh2 Nxg3 36. fxg3 Be5 37. Qb3 Qxh4+ 38. Kg1 Bd4+ 39. Kf1 Qh1+ 40. Ke2 Qxg2+ 41. Kd1 Re8 42. Nf4 Bc3+ 43. Bd5 Qd2# 0-1

[Event "Titled Tuesday intern op 24th Jan Late"]
[Site "Chess.com INT"]
[Date "2023.01.24"]
[Round "1"]
[White "Moskvin, Anatoly"]
[Black "Hjartarson, Johann"]
[Result "0-1"]
[WhiteElo "2189"]
[BlackElo "2476"]
[PlyCount "80"]
[EventDate "2023.01.24"]
[EventType "swiss (blitz)"]
[EventRounds "11"]
[EventCountry "USA"]
[SourceTitle "EXT 2024"]
[Source "ChessBase"]
[SourceDate "2023.10.10"]
[SourceVersion "1"]
[SourceVersionDate "2023.10.10"]
[SourceQuality "1"]

1. e4 Nf6 2. Nc3 e5 3. g3 Bc5 4. Bg2 d6 5. d3 a6 6. Nge2 Nc6 7. h3 Be6 8. 0-0 Nd4 9. Kh2 h5 10. Nxd4 Bxd4 11. Be3 c5 12. Ne2 Bxe3 13. fxe3 h4 14. g4 Bxg4 15. hxg4 Nxg4+ 16. Kh1 Nxe3 17. Qd2 Nxf1 18. Rxf1 h3 19. Bf3 Qh4 20. Nc3 0-0-0 21. Nd5 Kb8 22. b4 Rc8 23. bxc5 Rxc5 24. Rg1 g6 25. c3 Qh6 26. Qb2 h2 27. Rf1 f5 28. a4 Rxd5 29. exd5 Qe3 30. Bg2 Qxd3 31. Rb1 Rh7 32. Qb6 Rd7 33. Qb3 e4 34. Rd1 Qe2 35. Bf1 Qf2 36. Bg2 e3 37. Qb1 e2 38. Re1 f4 39. Qxg6 Qxe1+ 40. Kxh2 Qg3+ 0-1

[Event "Titled Tuesday intern op 10th Jan Early"]
[Site "Chess.com INT"]
[Date "2023.01.10"]
[Round "2"]
[White "Larina, Marija"]
[Black "Moskvin, Anatoly"]
[Result "0-1"]
[WhiteElo "1948"]
[BlackElo "2189"]
[PlyCount "148"]
[EventDate "2023.01.10"]
[EventType "swiss (blitz)"]
[EventRounds "11"]
[EventCountry "USA"]
[SourceTitle "EXT 2024"]
[Source "ChessBase"]
[SourceDate "2023.10.10"]
[SourceVersion "1"]
[SourceVersionDate "2023.10.10"]
[SourceQuality "1"]

1. e4 e5 2. Nf3 Nc6 3. Nc3 Nf6 4. Bb5 Bb4 5. 0-0 0-0 6. d3 d6 7. Ne2 Ne7 8. c3 Ba5 9. Ng3 c6 10. Ba4 Ng6 11. Re1 h6 12. h3 Nh7 13. d4 Bb6 14. Nf5 d5 15. Ng3 exd4 16. Nxd4 dxe4 17. Nxe4 Nf6 18. Bc2 Bxd4 19. cxd4 Bf5 20. f3 Nd5 21. Qd2 Ngf4 22. b4 Bg6 23. a3 a5 24. bxa5 Qxa5 25. Qxa5 Rxa5 26. Bd2 Ra7 27. Reb1 Ne6 28. Bd3 Rfa8 29. Bc1 Nxd4 30. Nc5 Bxd3 31. Nxd3 b6 32. Kf2 c5 33. Ne5 f6 34. Ng4 Nc2 35. Ra2 Nxa3 36. Rba1 Nb5 37. Rxa7 Rxa7 38. Rxa7 Nxa7 39. Ke2 Nc6 40. Kd3 h5 41. Nf2 b5 42. Ne4 Ne5+ 43. Kc2 c4 44. Nd6 b4 45. Bd2 b3+ 46. Kb1 c3 47. Bc1 Nd3 48. Ba3 c2+ 49. Ka1 c1Q+ 50. Bxc1 Nxc1 51. Kb2 Ne2 52. Kxb3 Nef4 53. g3 Nxh3 54. Kc4 Ng5 55. Kxd5 Nxf3 56. Ke4 Ng5+ 57. Kf5 Nf7 58. Ne8 Ne5 59. Nd6 Kh7 60. Ne4 Kh6 61. Nf2 Ng4 62. Nh3 g6+ 63. Kf4 Ne5 64. Ng1 Nd3+ 65. Ke3 Nc5 66. Nf3 Nd7 67. Kf2 Ne5 68. Kg2 Nxf3 69. Kxf3 Kg5 70. Kg2 Kg4 71. Kf2 f5 72. Kg2 g5 73. Kf2 h4 74. Kg2 hxg3 0-1

[Event "Titled Tuesday intern op 27th Dec Late"]
[Site "Chess.com INT"]
[Date "2022.12.27"]
[Round "3"]
[White "Curtis, John"]
[Black "Moskvin, Anatoly"]
[Result "0-1"]
[WhiteElo "2292"]
[BlackElo "2189"]
[PlyCount "64"]
[EventDate "2022.12.27"]
[EventType "swiss (blitz)"]
[EventRounds "11"]
[EventCountry "USA"]
[SourceTitle "EXT 2024"]
[Source "ChessBase"]
[SourceDate "2023.10.10"]
[SourceVersion "1"]
[SourceVersionDate "2023.10.10"]
[SourceQuality "1"]

1. e4 e5 2. Nf3 Nc6 3. Bb5 Nge7 4. 0-0 a6 5. Ba4 d6 6. h3 Bd7 7. c3 Ng6 8. d4 Be7 9. Nbd2 h6 10. a3 Bg5 11. Re1 Qf6 12. Bxc6 Bxc6 13. Nc4 Bxc1 14. Rxc1 a5 15. b4 axb4 16. axb4 0-0 17. Na5 Nf4 18. Nxc6 bxc6 19. h4 Ra2 20. Rc2 Rfa8 21. g3 Ng6 22. Kg2 Nf8 23. Rxa2 Rxa2 24. Re2 Ra3 25. Qc1 Ra6 26. Qb1 exd4 27. cxd4 Ra3 28. Re3 Rxe3 29. fxe3 Qe6 30. Qc2 Nd7 31. Qxc6 Nf6 32. e5 Ng4 0-1